000 00801cab a2200241 4500
001 WB3401-64
008 090401t1998 xxu||||| |||| 00| 0 eng d
035 _a(Sirsi) u82870
041 _aeng
245 _aHidden land dangers
260 _c1998
350 _a0
490 _aEstate Agency News
_vDecember 1997/January 1998, 8(1)
520 _aHomeowners living on brownfield sites are not being told that their homes are built on former industrial (and possibly contaminated) land. Local authorities are looking at compiling Contaminated Land Registers.
650 _aBROWNFIELD SITES
650 _aCONTAMINATED LAND REGISTERS
650 _aCONTAMINATED LAND
650 _aHOMEOWNERS
650 _aPROPERTY MISDESCRIPTIONS ACT
690 _aLAND
942 _n0
948 _c23/12/1997
999 _c52332
_d52332